Az egészségturizmus helyzete és jelentősége a Közép-Magyarország régióban

Bibliographic Details
Main Author: Tamásy Barbara
Other Authors: Kiss Dr. Ferenc
Format: Thesis
Kulcsszavak:Egészségturizmus
Közép-Magyarország
Gyógyturizmus
Gyógyfürdő
Budapest
Online Access:http://dolgozattar.uni-bge.hu/2885

MARC

LEADER 00000nta a2200000 i 4500
001 dolg2885
005 20150922154112.0
008 150515suuuu hu om 000 hun d
040 |a BGE Dolgozattár Repozitórium  |b hun 
041 |a hu 
100 1 |a Tamásy Barbara 
245 1 3 |a Az egészségturizmus helyzete és jelentősége a Közép-Magyarország régióban  |c Tamásy Barbara  |h [elektronikus dokumentum] 
695 |a Egészségturizmus 
695 |a Közép-Magyarország 
695 |a Gyógyturizmus 
695 |a Gyógyfürdő 
695 |a Budapest 
700 1 |a Kiss Dr. Ferenc  |e ths 
856 4 0 |u http://dolgozattar.uni-bge.hu/2885/1/Tam%C3%A1sy%20Barbara%20Szakdolgozat_Az%20eg%C3%A9szs%C3%A9gturizmus%20helyzete%20%C3%A9s%20jelent%C5%91s%C3%A9ge%20a%20K%C3%B6z%C3%A9p-Magyarorsz%C3%A1g%20r%C3%A9gi%C3%B3ban.pdf  |z Dokumentum-elérés